| 000 -LEADER |
| fixed length control field |
02029cam a2200481 a 4500 |
| 001 - CONTROL NUMBER |
| control field |
11827097 |
| 003 - CONTROL NUMBER IDENTIFIER |
| control field |
Nust |
| 005 - DATE AND TIME OF LATEST TRANSACTION |
| control field |
20180117090012.0 |
| 008 - FIXED-LENGTH DATA ELEMENTS--GENERAL INFORMATION |
| fixed length control field |
990917s1999 nyua bs i001 0 eng d |
| 010 ## - LIBRARY OF CONGRESS CONTROL NUMBER |
| LC control number |
99490014 |
| 020 ## - INTERNATIONAL STANDARD BOOK NUMBER |
| International Standard Book Number |
0195211243 (pbk) |
| 020 ## - INTERNATIONAL STANDARD BOOK NUMBER |
| International Standard Book Number |
0195211251 (cloth) |
| 035 ## - SYSTEM CONTROL NUMBER |
| System control number |
(OCoLC)ocm42384640 |
| 040 ## - CATALOGING SOURCE |
| Original cataloging agency |
DJB |
| Transcribing agency |
DJB |
| Modifying agency |
DLC |
| 042 ## - AUTHENTICATION CODE |
| Authentication code |
lccopycat |
| 043 ## - GEOGRAPHIC AREA CODE |
| Geographic area code |
d------ |
| 050 00 - LIBRARY OF CONGRESS CALL NUMBER |
| Classification number |
HC59.7 |
| Item number |
.E558 2000 |
| 245 00 - TITLE STATEMENT |
| Title |
Entering the 21st century : |
| Remainder of title |
World development report, 1999/2000. |
| 246 30 - VARYING FORM OF TITLE |
| Title proper/short title |
Entering the twenty-first century |
| 246 30 - VARYING FORM OF TITLE |
| Title proper/short title |
World development report, 1999/2000 |
| 260 ## - PUBLICATION, DISTRIBUTION, ETC. |
| Place of publication, distribution, etc. |
New York : |
| Name of publisher, distributor, etc. |
Published for the World Bank, Oxford University Press, |
| Date of publication, distribution, etc. |
c2000. |
| 300 ## - PHYSICAL DESCRIPTION |
| Extent |
ix, 300 p. : |
| Other physical details |
col. ill., col. map ; |
| Dimensions |
27 cm. |
| 500 ## - GENERAL NOTE |
| General note |
"This report has been prepared by a team led by Shahid Yusuf"--P. iv. |
| 500 ## - GENERAL NOTE |
| General note |
"World Bank 2000"--Cover. |
| 500 ## - GENERAL NOTE |
| General note |
Accompanied by: Entering the 21st century summary. iv, 11 p. : ill. ; 27 cm. 2000. |
| 504 ## - BIBLIOGRAPHY, ETC. NOTE |
| Bibliography, etc. note |
Includes bibliographical references (p. 190-211) and index. |
| 650 #0 - SUBJECT ADDED ENTRY--TOPICAL TERM |
| Topical term or geographic name entry element |
Economic development. |
| 650 #0 - SUBJECT ADDED ENTRY--TOPICAL TERM |
| Topical term or geographic name entry element |
International trade. |
| 650 #0 - SUBJECT ADDED ENTRY--TOPICAL TERM |
| Topical term or geographic name entry element |
International finance. |
| 650 #0 - SUBJECT ADDED ENTRY--TOPICAL TERM |
| Topical term or geographic name entry element |
Investments, Foreign |
| Geographic subdivision |
Developing countries. |
| 650 #0 - SUBJECT ADDED ENTRY--TOPICAL TERM |
| Topical term or geographic name entry element |
Decentralization in government |
| Geographic subdivision |
Developing countries. |
| 650 #0 - SUBJECT ADDED ENTRY--TOPICAL TERM |
| Topical term or geographic name entry element |
Urbanization |
| General subdivision |
Economic aspects |
| Geographic subdivision |
Developing countries. |
| 650 #0 - SUBJECT ADDED ENTRY--TOPICAL TERM |
| Topical term or geographic name entry element |
Free trade |
| Geographic subdivision |
Developing countries. |
| 650 #0 - SUBJECT ADDED ENTRY--TOPICAL TERM |
| Topical term or geographic name entry element |
Economic indicators. |
| 700 1# - ADDED ENTRY--PERSONAL NAME |
| Personal name |
Yusuf, Shahid, |
| Dates associated with a name |
1949- |
| 710 2# - ADDED ENTRY--CORPORATE NAME |
| Corporate name or jurisdiction name as entry element |
World Bank |
| 856 41 - ELECTRONIC LOCATION AND ACCESS |
| Uniform Resource Identifier |
<a href="http://www.worldbank.org/wdr/2000/fullreport.html">http://www.worldbank.org/wdr/2000/fullreport.html</a> |
| 856 42 - ELECTRONIC LOCATION AND ACCESS |
| Materials specified |
Publisher description |
| Uniform Resource Identifier |
<a href="http://www.loc.gov/catdir/enhancements/fy0604/99490014-d.html">http://www.loc.gov/catdir/enhancements/fy0604/99490014-d.html</a> |
| 906 ## - LOCAL DATA ELEMENT F, LDF (RLIN) |
| a |
7 |
| b |
cbc |
| c |
copycat |
| d |
2 |
| e |
ncip |
| f |
19 |
| g |
y-gencatlg |
| 942 ## - ADDED ENTRY ELEMENTS (KOHA) |
| Source of classification or shelving scheme |
|
| Koha item type |
Book |